निराला और समकालीन हिंदी कविता / (Record no. 113304)

MARC details
000 -LEADER
fixed length control field 01064nam a22002537a 4500
005 - DATE AND TIME OF LATEST TRANSACTION
control field 20170124102951.0
010 ## - LIBRARY OF CONGRESS CONTROL NUMBER
LC control number A-811199
020 ## - INTERNATIONAL STANDARD BOOK NUMBER
Terms of availability 120.00
International Standard Book Number 8185478376
035 ## - SYSTEM CONTROL NUMBER
System control number A-811199
037 ## - SOURCE OF ACQUISITION
Source of stock number/acquisition Cen Lib/Ret
040 ## - CATALOGING SOURCE
Original cataloging agency DPL
Language of cataloging HN
082 ## - DEWEY DECIMAL CLASSIFICATION NUMBER
Classification number 821.08
Item number शर्माबी
100 ## - MAIN ENTRY--PERSONAL NAME
Personal name शर्मा, बीना
9 (RLIN) 2125
245 ## - TITLE STATEMENT
Title निराला और समकालीन हिंदी कविता /
Statement of responsibility, etc बीना शर्मा
246 ## - VARYING FORM OF TITLE
Title proper/short title Nirala aur samkaleen Hindi kavita /
Remainder of title by Beena Sharma
260 ## - PUBLICATION, DISTRIBUTION, ETC. (IMPRINT)
Place of publication, distribution, etc दिल्ली
Name of publisher, distributor, etc ज्ञान भारती
Date of publication, distribution, etc 1996
270 ## - ADDRESS
Address 4/14, रूपनगर
City दिल्ली
Postal code 110007
300 ## - PHYSICAL DESCRIPTION
Extent x,165पृ.
Dimensions 21सेमी(सजिल्द)
650 ## - SUBJECT ADDED ENTRY--TOPICAL TERM
Topical term or geographic name as entry element हिंदी साहित्य
9 (RLIN) 51645
650 ## - SUBJECT ADDED ENTRY--TOPICAL TERM
Topical term or geographic name as entry element हिंदी साहित्य -- हिंदी कविता
9 (RLIN) 51646
650 ## - SUBJECT ADDED ENTRY--TOPICAL TERM
Topical term or geographic name as entry element Hindi literature
9 (RLIN) 51647
650 ## - SUBJECT ADDED ENTRY--TOPICAL TERM
Topical term or geographic name as entry element Hindi literature -- Hindi poetry
9 (RLIN) 51648
942 ## - ADDED ENTRY ELEMENTS (KOHA)
Source of classification or shelving scheme Dewey Decimal Classification
Koha item type Hindi Books
Classification part 821.08
Call number suffix शर्माबी
Holdings
Withdrawn status Lost status Damaged status Not for loan Home library Current library Date acquired Source of acquisition Cost, normal purchase price Total Checkouts Full call number Barcode Date last seen Date checked out Copy number Cost, replacement price Price effective from Koha item type
        Central Library Central Library 12/08/2015 Cen Lib/Ret 120.00 1 821 शर्माबी A-811199 18/03/2019 16/03/2019 1 120.00 12/08/2015 Hindi Books

© Delhi Public Library
Hit Counter
free hit counter